000 00305nam a2200121 a 4500
001 4140
005 20140414132014.0
008 090218s19uu xx 00 eng d
050 _aTR
_bAB1 1991
100 _aSeuss, Dr.
245 _aDr. Seuss ABC flip the flans with the cat in the hat!.
999 _c113332
_d113332